Normal view
MARC view
- Derham, David P.
Entry Personal Name
001 - CONTROL NUMBER
- control field: 88805
003 - CONTROL NUMBER IDENTIFIER
- control field: NUST
005 - DATE AND TIME OF LATEST TRANSACTION
- control field: 20220205144509.0
008 - FIXED-LENGTH DATA ELEMENTS
- fixed length control field: 220205|| aca||aabn | a|a d
040 ## - CATALOGING SOURCE
- Original cataloging agency: NUST
- Transcribing agency: NUST
100 ## - HEADING--PERSONAL NAME
- Personal name: Derham, David P.
670 ## - SOURCE DATA FOUND
- Source citation: Work cat.: (NUST)3112: Paton, G. W. (George Whitecross), 1902- 88803, A textbook of jurisprudence., 2007.
